La morale militaire (Record no. 40359)

MARC details
000 -LEADER
campo de control de longitud fija 00492nam a2200145 i 4500
001 - NÚMERO DE CONTROL
campo de control 40359
003 - IDENTIFICADOR DE NÚMERO DE CONTROL
campo de control ES-MaACL
007 - CAMPO FIJO DE DESCRIPCIÓN FÍSICA--INFORMACIÓN GENERAL
campo de control de longitud fija t|
008 - DATOS DE LONGITUD FIJA--INFORMACIÓN GENERAL
campo de control de longitud fija 030305q1874 fr ||||1| fre d
100 1# - ENTRADA PRINCIPAL--NOMBRE DE PERSONA
Nombre de persona Carrau, Ludovic.
9 (RLIN) 35590
245 13 - MENCIÓN DEL TÍTULO
Título La morale militaire
Resto del título : exposition et critique des doctrines qui fondent la morale sur l'idée du bonheur /
Mención de responsabilidad, etc. par Ludovic Carrau.
260 ## - PUBLICACIÓN, DISTRIBUCIÓN, ETC.
Lugar de publicación, distribución, etc. Paris :
Nombre del editor, distribuidor, etc. [s.n.,
Fecha de publicación, distribución, etc. 1874?] (
Lugar de fabricación/manufactura Besançon :
Fabricante J. Jacquin)
300 ## - DESCRIPCIÓN FÍSICA
Extensión XVI, 621 p. ;
Dimensiones 22 cm.
852 ## - LOCALIZACIÓN
Ubicación ES-MaACL
Número de control de estantería G-12775
Holdings
Estatus retirado Estado de pérdida Estado de daño No para préstamo Colección Biblioteca de origen Biblioteca actual Ubicación en estantería Fecha de adquisición Fuente de adquisición Total de préstamos Signatura topográfica completa Código de barras Visto por última vez Precio de reemplazo Tipo de ítem Koha
        Libros del s. XIX Biblioteca del Ateneo de Madrid Biblioteca del Ateneo de Madrid Sala Pecera Planta 3 17/01/2008     G-12775 1042488 23/02/2023 23/02/2023 Libro impreso antiguo